00391nam a2200157Ia 4500008004100000020001500041082001800056100001600074245003600090250000800126260002900134300001300163500002400176650001600200700001700216230524s9999 xx 000 0 und d a8121918500 a621.3892bTHA aB.L.Theraja 0aElectronic Devices and Circuits a1ST aNEW DELHIbS.Chandc1999 aVIII;484 aQuantity Number: 1 aElectronics a A.K.Theraja